01262nam a2200325 a 4500001001100000003000800011006001900019007001500038008004100053010001700094020002800111020003500139040002100174035002000195050002400215082001400239100002400253245007600277260003900353300001800392504006600410533015200476650004100628650004200669651003900711655002900750710001700779856012500796999001500921ebr5004988CaPaEBRm u cr cn|||||||||950630s1996 ctu sb 001 0 eng  z 95034094  z0275952606 (alk. paper) z0275954293 (pbk. : alk. paper) aCaPaEBRcCaPaEBR a(OCoLC)5001670714aDT30.5b.M86 1996eb04a960.32201 aMungazi, Dickson A.14aThe mind of Black Africah[electronic resource] /cDickson A. Mungazi. aWestport, Conn. :bPraeger,c1996. axxxii, 261 p. aIncludes bibliographical references (p. [237]-250) and index. aElectronic reproduction.bPalo Alto, Calif. :cebrary,d2013.nAvailable via World Wide Web.nAccess may be limited to ebrary affiliated libraries. 0aDecolonizationzAfrica, Sub-Saharan. 0aSelf-perceptionzAfrica, Sub-Saharan. 0aAfrica, Sub-SaharanxCivilization. 7aElectronic books.2local2 aebrary, Inc.40uhttp://site.ebrary.com/lib/rucke/Doc?id=5004988zAn electronic book accessible through the World Wide Web; click to view c1478d1478